[Event "2MCRV_F"]
[Site "?"]
[Date "2002.??.??"]
[Round "?"]
[White "Dotlacil, Ladislav"]
[Black "Kostal, Jindrich"]
[Result "0-1"]
[WhiteElo "2410"]
[BlackElo "2305"]
[PlyCount "78"]
[EventDate "2002.??.??"]
[EventType "corr"]
[SourceDate "2004.06.03"]

1. c4 Nf6 2. Nc3 g6 3. e4 d6 4. d4 Bg7 5. Nf3 O-O 6. Be2 e5 7. d5 Nbd7 8. Bg5
h6 9. Bh4 g5 10. Bg3 Nh5 11. h4 g4 12. Nh2 Nxg3 13. fxg3 h5 14. Bd3 c6 15. Rf1
Bh6 16. Qe2 Nc5 17. Bc2 Qb6 18. Rb1 Na6 19. a3 Nc7 20. dxc6 bxc6 21. Rf6 Bg7
22. Rxd6 Ne6 23. b4 Qg1+ 24. Nf1 Nd4 25. Qd2 f5 26. Ne2 Nxe2 27. Qxe2 fxe4 28.
Rb3 a5 29. Bxe4 axb4 30. Bxc6 Rxa3 31. Bd5+ Kh7 32. Rxa3 bxa3 33. Be4+ Bf5 34.
Ra6 Bxe4 35. Qxe4+ Kh8 36. Qe2 e4 37. Rxa3 Bd4 38. c5 Bf2+ 39. Kd2 Bxc5 0-1

[Event "2MCRV_F"]
[Site "?"]
[Date "2002.??.??"]
[Round "?"]
[White "Sykora, Josef"]
[Black "Klima, Milos"]
[Result "1-0"]
[WhiteElo "2370"]
[BlackElo "2320"]
[PlyCount "60"]
[EventDate "2002.??.??"]
[EventType "corr"]
[SourceDate "2004.06.03"]

1. c4 e5 2. Nc3 Bb4 3. g3 Nf6 4. Bg2 O-O 5. Nf3 Re8 6. O-O Nc6 7. Nd5 Nxd5 8.
cxd5 Nd4 9. Ne1 c6 10. Nc2 Nxc2 11. Qxc2 Qa5 12. a3 Bf8 13. d3 c5 14. Be3 d6
15. b4 cxb4 16. axb4 Qxb4 17. h3 Qb5 18. Rfb1 Qd7 19. Bxa7 g6 20. Bb6 Rxa1 21.
Rxa1 Be7 22. Ra8 Rf8 23. Be3 Bf6 24. Qc4 h5 25. h4 Kg7 26. Qb4 Rh8 27. Bd2 Qc7
28. e4 Bg4 29. Ra7 Rb8 30. Be3 Bd8 1-0

[Event "2MCRV_F"]
[Site "?"]
[Date "2002.??.??"]
[Round "?"]
[White "Kostal, Jindrich"]
[Black "Sykora, Josef"]
[Result "1/2-1/2"]
[WhiteElo "2305"]
[BlackElo "2370"]
[PlyCount "61"]
[EventDate "2002.??.??"]
[EventType "corr"]
[SourceDate "2004.06.03"]

1. e4 c6 2. d4 d5 3. Nc3 dxe4 4. Nxe4 Nd7 5. Ng5 Ngf6 6. Bd3 e6 7. N1f3 Bd6 8.
Qe2 h6 9. Ne4 Nxe4 10. Qxe4 Qc7 11. Qg4 Kf8 12. O-O c5 13. Re1 b6 14. c3 Bb7
15. Qh3 Ke7 16. Nd2 Rad8 17. Nc4 Bf4 18. Be3 Bxe3 19. fxe3 Rhe8 20. Rf1 Kf8 21.
Rad1 Kg8 22. Nd2 f5 23. Bc4 Kh8 24. Bb5 Rf8 25. Bxd7 Rxd7 26. Nf3 Bxf3 27. Rxf3
Rdf7 28. Rf2 e5 29. Qh5 cxd4 30. exd4 exd4 31. cxd4 1/2-1/2

[Event "2MCRV_F"]
[Site "?"]
[Date "2002.??.??"]
[Round "?"]
[White "Skalicky, Frantisek"]
[Black "Dotlacil, Ladislav"]
[Result "1/2-1/2"]
[WhiteElo "2305"]
[BlackElo "2410"]
[PlyCount "38"]
[EventDate "2002.??.??"]
[EventType "corr"]
[SourceDate "2004.06.03"]

1. e4 c6 2. d4 d5 3. e5 b6 4. Nf3 e6 5. Bd3 Ba6 6. O-O Qd7 7. Nc3 Ne7 8. Bxa6
Nxa6 9. Ne2 Nf5 10. Ng3 Nc7 11. Nxf5 exf5 12. Re1 Ne6 13. Qd3 f4 14. a4 Be7 15.
c3 O-O 16. a5 c5 17. dxc5 bxc5 18. c4 Rfd8 19. Rd1 d4 1/2-1/2

[Event "2MCRV_F"]
[Site "?"]
[Date "2002.??.??"]
[Round "?"]
[White "Bucek, Jiri"]
[Black "Koukal, Vladimir"]
[Result "1-0"]
[WhiteElo "2300"]
[BlackElo "2225"]
[PlyCount "29"]
[EventDate "2002.??.??"]
[EventType "corr"]
[SourceDate "2004.06.03"]

1. e4 e5 2. Nf3 Nc6 3. Bb5 a6 4. Bxc6 dxc6 5. O-O Qf6 6. d4 exd4 7. Bg5 Qg6 8.
Qxd4 Bd6 9. Nbd2 f6 10. e5 fxe5 11. Rfe1 Be6 12. Rxe5 Bxe5 13. Qxe5 h6 14. Bh4
Rc8 15. Nd4 1-0

[Event "2MCRV_F"]
[Site "?"]
[Date "2002.??.??"]
[Round "?"]
[White "Kuta, Jiri"]
[Black "Kolarik, Josef"]
[Result "1/2-1/2"]
[WhiteElo "2295"]
[BlackElo "2230"]
[PlyCount "48"]
[EventDate "2002.??.??"]
[EventType "corr"]
[SourceDate "2004.06.03"]

1. d4 Nf6 2. c4 c5 3. d5 e6 4. Nc3 exd5 5. cxd5 d6 6. Nf3 g6 7. h3 Bg7 8. e4
O-O 9. Bd3 Re8 10. O-O a6 11. a4 Nbd7 12. Bf4 Qc7 13. Re1 Nh5 14. Bh2 Ne5 15.
Be2 Nf6 16. Nxe5 dxe5 17. Qd2 b6 18. Qe3 Bd7 19. Rac1 Qd6 20. b3 Qf8 21. g4 Bc8
22. g5 Nd7 23. h4 Qd6 24. Rcd1 Rb8 1/2-1/2

[Event "2MCRV_F"]
[Site "?"]
[Date "2002.??.??"]
[Round "?"]
[White "Bures, Jilji"]
[Black "Nevole, Milan"]
[Result "1/2-1/2"]
[WhiteElo "2285"]
[BlackElo "2240"]
[PlyCount "77"]
[EventDate "2002.??.??"]
[EventType "corr"]
[SourceDate "2004.06.03"]

1. e4 c5 2. Nf3 d6 3. d4 cxd4 4. Nxd4 Nf6 5. Nc3 a6 6. g3 e5 7. Nde2 Nbd7 8. a4
b6 9. Bg2 Bb7 10. h3 Rc8 11. O-O Be7 12. g4 Nc5 13. Ng3 O-O 14. Be3 g6 15. Qd2
Ne6 16. Rad1 Nd7 17. Nge2 Qc7 18. f4 exf4 19. Nxf4 Nxf4 20. Bxf4 Ne5 21. Qf2 f6
22. Rc1 Kh8 23. Nd5 Bxd5 24. exd5 f5 25. g5 Qc5 26. Be3 Qa5 27. b3 Qb4 28. Kh2
b5 29. axb5 Qxb5 30. Qg3 Bd8 31. Bf4 Re8 32. c4 Qc5 33. Ra1 a5 34. Rfe1 Bb6 35.
Ra2 Kg8 36. Rea1 Qd4 37. Rf1 Rb8 38. Rd2 Qc5 39. Ra2 1/2-1/2

[Event "2MCRV_F"]
[Site "?"]
[Date "2002.??.??"]
[Round "?"]
[White "Vondracek, Emil"]
[Black "Pavlicek, Jan"]
[Result "1-0"]
[WhiteElo "2285"]
[BlackElo "2250"]
[PlyCount "37"]
[EventDate "2002.??.??"]
[EventType "corr"]
[SourceDate "2004.06.03"]

1. e4 e6 2. d4 c5 3. Nf3 b6 4. Nc3 d6 5. Bf4 a6 6. Be2 Bb7 7. dxc5 bxc5 8. Qd2
Nc6 9. Rd1 e5 10. Bg5 f6 11. Be3 Nd4 12. Bc4 Ne7 13. O-O Ng6 14. Ne1 f5 15.
exf5 Nxf5 16. Nd5 Nge7 17. Bg5 h6 18. Bxe7 Nxe7 19. f4 1-0

[Event "2MCRV_F"]
[Site "?"]
[Date "2002.??.??"]
[Round "?"]
[White "Nosek, Jaroslav"]
[Black "Valak, Alois"]
[Result "1-0"]
[WhiteElo "2275"]
[BlackElo "2260"]
[PlyCount "53"]
[EventDate "2002.??.??"]
[EventType "corr"]
[SourceDate "2004.06.03"]

1. e4 c6 2. d4 d5 3. e5 Bf5 4. Be3 e6 5. Nd2 Nd7 6. c3 Ne7 7. f4 Bg6 8. Ngf3
Nf5 9. Bf2 h5 10. Be2 Be7 11. a4 h4 12. a5 Nh6 13. O-O Ng4 14. b4 Nxf2 15. Rxf2
Qc7 16. Nf1 a6 17. Ne3 O-O 18. Bd3 Bxd3 19. Qxd3 g6 20. f5 exf5 21. Nxf5 Qd8
22. e6 gxf5 23. exd7 Qxd7 24. Ne5 Qe6 25. Rxf5 Qh6 26. Raf1 f6 27. Ng4 1-0

[Event "2MCRV_F"]
[Site "?"]
[Date "2002.??.??"]
[Round "?"]
[White "Kuchta, Jiri"]
[Black "Pytlik, Lesek"]
[Result "1/2-1/2"]
[WhiteElo "2270"]
[BlackElo "2260"]
[PlyCount "33"]
[EventDate "2002.??.??"]
[EventType "corr"]
[SourceDate "2004.06.03"]

1. c4 Nf6 2. Nc3 e5 3. Nf3 Nc6 4. a3 g6 5. e3 Bg7 6. d4 exd4 7. exd4 d5 8. Bg5
dxc4 9. Bxc4 O-O 10. O-O Bg4 11. Ne4 Re8 12. Re1 Bxf3 13. Qxf3 Qxd4 14. Bxf6
Qxc4 15. b3 Qd5 16. Bxg7 Kxg7 17. Qf6+ 1/2-1/2

[Event "2MCRV_F"]
[Site "?"]
[Date "2002.??.??"]
[Round "?"]
[White "Valak, Alois"]
[Black "Kuchta, Jiri"]
[Result "0-1"]
[WhiteElo "2260"]
[BlackElo "2270"]
[PlyCount "94"]
[EventDate "2002.??.??"]
[EventType "corr"]
[SourceDate "2004.06.03"]

1. e4 c5 2. Nf3 d6 3. d4 cxd4 4. Nxd4 Nf6 5. Nc3 a6 6. Be2 e6 7. O-O Be7 8. f4
O-O 9. Be3 e5 10. fxe5 dxe5 11. Nf5 Bxf5 12. Qxd8 Rxd8 13. Rxf5 Nbd7 14. Nd5
Nxd5 15. exd5 g6 16. Rf3 Rac8 17. c4 f5 18. Rd1 Bd6 19. g3 h5 20. Kg2 Kf7 21.
h3 Kf6 22. Rff1 b6 23. h4 Kg7 24. a3 a5 25. Kf2 Bc5 26. Rd3 Nf6 27. Bxc5 bxc5
28. Bd1 Rb8 29. b3 Ne4+ 30. Ke2 a4 31. Re3 axb3 32. Bxb3 Rb6 33. Re1 Nd6 34.
Rc3 Ra8 35. Ra1 Kf6 36. Ra2 e4 37. a4 Ke5 38. Ra3 Kd4 39. Rc2 Rab8 40. Rd2+ Kc3
41. Bd1+ Kb4 42. Ra1 Ka5 43. Rc1 Rb1 44. Rdc2 R1b3 45. Kf2 Ra3 46. Re2 Rf3+ 47.
Kg2 f4 0-1

[Event "2MCRV_F"]
[Site "?"]
[Date "2002.??.??"]
[Round "?"]
[White "Pavlicek, Jan"]
[Black "Nosek, Jaroslav"]
[Result "0-1"]
[WhiteElo "2250"]
[BlackElo "2275"]
[PlyCount "64"]
[EventDate "2002.??.??"]
[EventType "corr"]
[SourceDate "2004.06.03"]

1. e4 e6 2. d4 d5 3. Nc3 Bb4 4. e5 c5 5. a3 Ba5 6. Bd2 Nc6 7. Nb5 Nxd4 8. Nxd4
cxd4 9. Nf3 Bb6 10. Bb4 Ne7 11. Nxd4 O-O 12. Nf3 a5 13. Bc3 Bd7 14. Bd3 Nc6 15.
O-O Rc8 16. Qe2 h6 17. Bd2 Qc7 18. c3 f6 19. Bf4 g5 20. Bg3 f5 21. h3 f4 22.
Bh2 Be8 23. Kh1 Bh5 24. Rae1 Bxf3 25. gxf3 Qf7 26. h4 Qh5 27. hxg5 hxg5 28. Rg1
Bc7 29. Rxg5+ Qxg5 30. Rg1 Qxg1+ 31. Kxg1 Nxe5 32. Bc2 Rf6 0-1

[Event "2MCRV_F"]
[Site "?"]
[Date "2002.??.??"]
[Round "?"]
[White "Nevole, Milan"]
[Black "Vondracek, Emil"]
[Result "1/2-1/2"]
[WhiteElo "2240"]
[BlackElo "2285"]
[PlyCount "56"]
[EventDate "2002.??.??"]
[EventType "corr"]
[SourceDate "2004.06.03"]

1. d4 Nf6 2. c4 e6 3. Nf3 b6 4. g3 Bb7 5. Bg2 Be7 6. Nc3 O-O 7. O-O Ne4 8. Qc2
Nxc3 9. Qxc3 c5 10. dxc5 bxc5 11. Rd1 d6 12. Qc2 Qb6 13. b3 Nc6 14. Bb2 a5 15.
a3 f5 16. Rab1 e5 17. Nd2 Nd4 18. Bxd4 exd4 19. Bxb7 Qxb7 20. Qd3 f4 21. g4 Qd7
22. h3 Bf6 23. Qf3 Rae8 24. Qd5+ Kh8 25. Nf3 Rxe2 26. Re1 Ree8 27. Rxe8 Rxe8
28. b4 axb4 1/2-1/2

[Event "2MCRV_F"]
[Site "?"]
[Date "2002.??.??"]
[Round "?"]
[White "Kolarik, Josef"]
[Black "Bures, Jilji"]
[Result "0-1"]
[WhiteElo "2230"]
[BlackElo "2285"]
[PlyCount "38"]
[EventDate "2002.??.??"]
[EventType "corr"]
[SourceDate "2004.06.03"]

1. d4 d5 2. c4 e6 3. Nc3 Nf6 4. cxd5 exd5 5. Bg5 c6 6. e3 Nbd7 7. Qc2 Be7 8.
Bd3 O-O 9. Nge2 Re8 10. O-O Nf8 11. f3 Ng6 12. e4 dxe4 13. fxe4 Be6 14. h3 c5
15. d5 Bd7 16. d6 Bxd6 17. Bxf6 gxf6 18. Rad1 Bc6 19. Ng3 Bxg3 0-1

[Event "2MCRV_F"]
[Site "?"]
[Date "2002.??.??"]
[Round "?"]
[White "Koukal, Vladimir"]
[Black "Kuta, Jiri"]
[Result "1/2-1/2"]
[WhiteElo "2225"]
[BlackElo "2295"]
[PlyCount "85"]
[EventDate "2002.??.??"]
[EventType "corr"]
[SourceDate "2004.06.03"]

1. e4 c5 2. Nf3 Nc6 3. d4 cxd4 4. Nxd4 Nf6 5. Nc3 e5 6. Ndb5 d6 7. Nd5 Nxd5 8.
exd5 Nb8 9. Qf3 a6 10. Qa3 b6 11. Bg5 f6 12. Be3 Be7 13. Be2 Bb7 14. Nc3 O-O
15. f4 Nd7 16. O-O Qc7 17. Qb4 Rab8 18. a4 Kh8 19. f5 Rfc8 20. Rf3 Qd8 21. Rh3
Qg8 22. Qh4 Rc7 23. Bh5 Rxc3 24. bxc3 Qxd5 25. Bf3 Qg8 26. Bxb7 Rxb7 27. Rb1
Rb8 28. Bf2 Rc8 29. Qh5 d5 30. Rd1 Nc5 31. Rxd5 Nxa4 32. Rd7 Bc5 33. Bxc5 Nxc5
34. Re7 Rd8 35. Rg3 Qf8 36. Rf7 Qg8 37. Rgxg7 Qxg7 38. Rxg7 Kxg7 39. Qg4+ Kf7
40. Qe2 a5 41. Qh5+ Kg7 42. Qg4+ Kf7 43. Qh5+ 1/2-1/2

[Event "2MCRV_F"]
[Site "?"]
[Date "2002.??.??"]
[Round "?"]
[White "Dotlacil, Ladislav"]
[Black "Bucek, Jiri"]
[Result "0-1"]
[WhiteElo "2410"]
[BlackElo "2300"]
[PlyCount "50"]
[EventDate "2002.??.??"]
[EventType "corr"]
[SourceDate "2004.06.03"]

1. c4 e5 2. Nc3 Bb4 3. Nd5 Bc5 4. e3 Ne7 5. b4 Bd6 6. Bb2 Nxd5 7. cxd5 O-O 8.
Bc3 Qe7 9. a3 c6 10. Bc4 b5 11. Bb3 Bb7 12. d4 e4 13. dxc6 Nxc6 14. Qd2 a5 15.
bxa5 Rfc8 16. Ne2 Bxa3 17. d5 Nxa5 18. Bxa5 Rxa5 19. O-O b4 20. Nd4 Rc3 21. Qa2
Qe5 22. d6 Ba6 23. Rfd1 Kf8 24. Nc2 Qc5 25. Rd4 Bd3 0-1

[Event "2MCRV_F"]
[Site "?"]
[Date "2002.??.??"]
[Round "?"]
[White "Sykora, Josef"]
[Black "Skalicky, Frantisek"]
[Result "1-0"]
[WhiteElo "2370"]
[BlackElo "2305"]
[PlyCount "85"]
[EventDate "2002.??.??"]
[EventType "corr"]
[SourceDate "2004.06.03"]

1. c4 Nf6 2. Nf3 e6 3. d4 b6 4. g3 Bb7 5. Bg2 Be7 6. O-O O-O 7. Nc3 Ne4 8. Qc2
Nxc3 9. Qxc3 c5 10. Rd1 d6 11. b3 Bf6 12. Bb2 Qe7 13. Qc2 Nc6 14. e4 g6 15. d5
Nb4 16. Qd2 Bxb2 17. Qxb2 Na6 18. Ne1 Nc7 19. Nd3 f5 20. exf5 gxf5 21. Re1 e5
22. Nxe5 dxe5 23. d6 Qxd6 24. Bxb7 Rae8 25. Rad1 Qf6 26. Rd7 Rf7 27. Bd5 Nxd5
28. Rxd5 e4 29. Qxf6 Rxf6 30. f3 Ree6 31. Kf2 Rf7 32. a3 Kg7 33. b4 Rc7 34.
bxc5 Rxc5 35. Rxc5 bxc5 36. fxe4 fxe4 37. Ke3 Rd6 38. Kf4 a5 39. Ke5 Rd4 40.
Rxe4 Rxe4+ 41. Kxe4 Kf6 42. Kd5 a4 43. Kxc5 1-0

[Event "2MCRV_F"]
[Site "?"]
[Date "2002.??.??"]
[Round "?"]
[White "Klima, Milos"]
[Black "Kostal, Jindrich"]
[Result "1/2-1/2"]
[WhiteElo "2320"]
[BlackElo "2305"]
[PlyCount "95"]
[EventDate "2002.??.??"]
[EventType "corr"]
[SourceDate "2004.06.03"]

1. e4 e5 2. Nc3 Nf6 3. g3 Bc5 4. Bg2 Nc6 5. Nge2 d6 6. Na4 Bd4 7. O-O a6 8.
Nxd4 exd4 9. b3 O-O 10. d3 Bg4 11. f3 Be6 12. f4 Re8 13. Bd2 Bg4 14. Qc1 d5 15.
e5 b5 16. Nb2 Nh5 17. Nd1 Be2 18. Re1 Bxd1 19. Qxd1 g6 20. Qf3 Ne7 21. Bb4 c6
22. Bc5 Nf5 23. Qf2 Nhg7 24. Bxd4 Nxd4 25. Qxd4 Ne6 26. Qf2 b4 27. d4 f5 28.
exf6 Qxf6 29. Re5 g5 30. Bh3 gxf4 31. Bxe6+ Rxe6 32. Qxf4 Qxf4 33. gxf4 Kf7 34.
Rae1 Rf6 35. Re7+ Kg8 36. Re8+ Rxe8 37. Rxe8+ Kf7 38. Rc8 Rxf4 39. Rc7+ Kf6 40.
Rxc6+ Kf5 41. Rh6 Rxd4 42. Rxh7 Rd2 43. Rc7 d4 44. h4 Kg4 45. Kf1 Rh2 46. Ke1
Kf3 47. Kd1 Rxh4 48. Re7 1/2-1/2

[Event "2MCRV_F"]
[Site "?"]
[Date "2002.??.??"]
[Round "?"]
[White "Skalicky, Frantisek"]
[Black "Klima, Milos"]
[Result "1-0"]
[WhiteElo "2305"]
[BlackElo "2320"]
[PlyCount "51"]
[EventDate "2002.??.??"]
[EventType "corr"]
[SourceDate "2004.06.03"]

1. e4 c6 2. d4 d5 3. e5 Bf5 4. Nf3 e6 5. Be2 Nd7 6. O-O Ne7 7. Nbd2 Ng6 8. Nb3
h5 9. Bg5 f6 10. Nh4 fxg5 11. Nxf5 g4 12. Ne3 Qg5 13. c4 Be7 14. cxd5 exd5 15.
g3 O-O 16. h3 h4 17. Nxg4 hxg3 18. fxg3 Rxf1+ 19. Qxf1 Rf8 20. Qb1 c5 21. h4
Nxh4 22. gxh4 Qxh4 23. Qe1 Qg5 24. Qg3 c4 25. Qg2 Nb6 26. Nc5 1-0

[Event "2MCRV_F"]
[Site "?"]
[Date "2002.??.??"]
[Round "?"]
[White "Bucek, Jiri"]
[Black "Sykora, Josef"]
[Result "1/2-1/2"]
[WhiteElo "2300"]
[BlackElo "2370"]
[PlyCount "47"]
[EventDate "2002.??.??"]
[EventType "corr"]
[SourceDate "2004.06.03"]

1. e4 c6 2. d4 d5 3. Nc3 dxe4 4. Nxe4 Nd7 5. Bc4 Ngf6 6. Ng5 e6 7. Qe2 Nb6 8.
Bb3 a5 9. c3 a4 10. Bc2 a3 11. b3 Nbd5 12. Bd2 Bd6 13. N1f3 Nf4 14. Qf1 h6 15.
Ne4 Nxe4 16. Bxe4 O-O 17. g3 Nd5 18. Qe2 c5 19. dxc5 Bxc5 20. Ne5 Qc7 21. O-O
Rd8 22. Nd3 Bd6 23. c4 Nf6 24. Bg2 1/2-1/2

[Event "2MCRV_F"]
[Site "?"]
[Date "2002.??.??"]
[Round "?"]
[White "Kuta, Jiri"]
[Black "Dotlacil, Ladislav"]
[Result "1-0"]
[WhiteElo "2295"]
[BlackElo "2410"]
[PlyCount "85"]
[EventDate "2002.??.??"]
[EventType "corr"]
[SourceDate "2004.06.03"]

1. d4 Nf6 2. c4 d6 3. Nf3 Nbd7 4. Nc3 c6 5. e4 e5 6. Be2 Be7 7. O-O O-O 8. Be3
Ng4 9. Bd2 Re8 10. d5 Nf8 11. Ne1 Nf6 12. Nd3 Ng6 13. Be3 Nd7 14. Qd2 a5 15. b3
Qc7 16. Rac1 Nf6 17. Rfd1 Bd7 18. c5 Qd8 19. cxd6 Bxd6 20. Nc5 Bxc5 21. Bxc5
cxd5 22. exd5 Nf4 23. Bf1 Rc8 24. Be3 Ng6 25. Nb5 Ne4 26. Rxc8 Bxc8 27. Qe1 Nf6
28. d6 e4 29. Bd4 Bg4 30. Rc1 Nf4 31. Rc4 Bd7 32. Nc7 Rf8 33. Qe3 Ng6 34. Bb6
Bc6 35. Ne6 Qxd6 36. Nxf8 Nxf8 37. Rd4 Nd5 38. Qxe4 Nxb6 39. Rxd6 Bxe4 40. Rxb6
Bc6 41. b4 Nd7 42. Rxc6 bxc6 43. bxa5 1-0

[Event "2MCRV_F"]
[Site "?"]
[Date "2002.??.??"]
[Round "?"]
[White "Bures, Jilji"]
[Black "Koukal, Vladimir"]
[Result "1/2-1/2"]
[WhiteElo "2285"]
[BlackElo "2225"]
[PlyCount "69"]
[EventDate "2002.??.??"]
[EventType "corr"]
[SourceDate "2004.06.03"]

1. e4 e5 2. Nf3 Nc6 3. Bb5 a6 4. Ba4 Nf6 5. O-O Be7 6. Re1 d6 7. c3 O-O 8. d4
b5 9. Bc2 exd4 10. cxd4 Nb4 11. Bb3 c5 12. a3 Nc6 13. e5 dxe5 14. dxe5 Qxd1 15.
Rxd1 Ne4 16. Re1 c4 17. Bxc4 bxc4 18. Rxe4 Na5 19. Nbd2 Bf5 20. Re3 Rfd8 21. h3
Rac8 22. g4 Be6 23. Kg2 Bd5 24. Kg3 Bc5 25. Re2 Ba7 26. Ne1 c3 27. bxc3 Rxc3+
28. f3 Nc6 29. Ne4 Rb3 30. Rb2 Nxe5 31. Rxb3 Bxb3 32. Bf4 Ng6 33. Bc7 Rc8 34.
Bd6 f6 35. h4 1/2-1/2

[Event "2MCRV_F"]
[Site "?"]
[Date "2002.??.??"]
[Round "?"]
[White "Vondracek, Emil"]
[Black "Kolarik, Josef"]
[Result "1-0"]
[WhiteElo "2285"]
[BlackElo "2230"]
[PlyCount "69"]
[EventDate "2002.??.??"]
[EventType "corr"]
[SourceDate "2004.06.03"]

1. d4 Nf6 2. c4 c5 3. d5 e6 4. Nc3 exd5 5. cxd5 d6 6. Nf3 g6 7. Bf4 a6 8. a4
Bg7 9. h3 O-O 10. e3 Qe7 11. Be2 Nbd7 12. O-O b6 13. Re1 Rb8 14. Bc4 Re8 15.
Qe2 Ra8 16. Qc2 h6 17. Rac1 g5 18. Bg3 Nh5 19. Bh2 Ne5 20. Be2 Nxf3+ 21. Bxf3
Nf6 22. Be2 g4 23. hxg4 Nxg4 24. Bf4 Ne5 25. Qb3 Bf5 26. e4 Bg6 27. Qd1 f5 28.
exf5 Bxf5 29. Bh5 Rf8 30. Ne4 Ra7 31. b3 Qd8 32. Bg3 Qd7 33. Rc3 Bxe4 34. Rxe4
b5 35. Rce3 1-0

[Event "2MCRV_F"]
[Site "?"]
[Date "2002.??.??"]
[Round "?"]
[White "Nosek, Jaroslav"]
[Black "Nevole, Milan"]
[Result "1-0"]
[WhiteElo "2275"]
[BlackElo "2240"]
[PlyCount "57"]
[EventDate "2002.??.??"]
[EventType "corr"]
[SourceDate "2004.06.03"]

1. e4 c5 2. Nf3 d6 3. d4 cxd4 4. Nxd4 Nf6 5. Nc3 a6 6. Be2 e5 7. Nb3 Be7 8. O-O
Be6 9. f4 exf4 10. Bxf4 Qb6+ 11. Kh1 Nbd7 12. Nd5 Bxd5 13. exd5 O-O 14. c4 Ne4
15. Qe1 Bf6 16. Bd3 Nec5 17. Bf5 Rae8 18. Qg3 Be5 19. Qh3 Nf6 20. Be3 Qc7 21.
Nxc5 dxc5 22. Bg5 h5 23. Rad1 Bxb2 24. d6 Qd8 25. d7 Re7 26. Rd6 Qa5 27. Bxf6
Re1 28. Bh7+ Kh8 29. Kg1 1-0

[Event "2MCRV_F"]
[Site "?"]
[Date "2002.??.??"]
[Round "?"]
[White "Kuchta, Jiri"]
[Black "Pavlicek, Jan"]
[Result "1-0"]
[WhiteElo "2270"]
[BlackElo "2250"]
[PlyCount "45"]
[EventDate "2002.??.??"]
[EventType "corr"]
[SourceDate "2004.06.03"]

1. c4 Nf6 2. Nf3 g6 3. d4 Bg7 4. Nc3 O-O 5. e4 d6 6. Be2 c5 7. O-O cxd4 8. Nxd4
Nc6 9. Be3 Nxd4 10. Bxd4 Be6 11. f4 Qc8 12. b3 Rd8 13. Rc1 Bg4 14. f5 Bxe2 15.
Qxe2 Nd7 16. Bxg7 Qc5+ 17. Kh1 Kxg7 18. Nd5 Re8 19. Qd2 f6 20. Rc3 g5 21. Qe2
Nb6 22. Qh5 Rh8 23. Rg3 1-0

[Event "2MCRV_F"]
[Site "?"]
[Date "2002.??.??"]
[Round "?"]
[White "Pytlik, Lesek"]
[Black "Valak, Alois"]
[Result "1/2-1/2"]
[WhiteElo "2260"]
[BlackElo "2260"]
[PlyCount "138"]
[EventDate "2002.??.??"]
[EventType "corr"]
[SourceDate "2004.06.03"]

1. Nf3 Nf6 2. g3 g6 3. Bg2 Bg7 4. O-O d5 5. d3 Nc6 6. Nc3 d4 7. Nb5 e5 8. a4
O-O 9. Na3 Re8 10. Nc4 e4 11. dxe4 Nxe4 12. Ncd2 Nc5 13. Ra3 Be6 14. Re1 Qd7
15. a5 Rad8 16. Nf1 Bc4 17. e3 d3 18. N1d2 Be6 19. c3 Bg4 20. b4 Ne4 21. Nxe4
Rxe4 22. h3 Bxf3 23. Bxf3 Rc4 24. Bd2 Qxh3 25. Bg2 Qe6 26. e4 Ne5 27. f4 Ng4
28. Bf3 h5 29. Kg2 a6 30. e5 c5 31. bxc5 Bf8 32. Ra4 Rxa4 33. Qxa4 Bxc5 34. Rf1
Ba7 35. Qa3 Rd7 36. Qa1 Qc4 37. Re1 Qc5 38. Rf1 Ne3+ 39. Bxe3 Qxe3 40. Qe1 d2
41. Qxe3 Bxe3 42. Be2 b5 43. axb6 Bxb6 44. Rb1 Ba5 45. c4 Kg7 46. Kf3 Bc3 47.
Rb3 Rd3+ 48. Kg2 Kf8 49. Bd1 Ke8 50. Rb6 a5 51. c5 Rd5 52. c6 Kd8 53. Rb7 Rc5
54. Rd7+ Kc8 55. Rxf7 Rxc6 56. Kf2 Rc4 57. Rf6 Bb4 58. Rxg6 h4 59. Kf3 hxg3 60.
Rg7 Rc3+ 61. Ke2 Kd8 62. e6 Rc4 63. Kf3 Rc1 64. Ke2 g2 65. f5 a4 66. f6 a3 67.
Rxg2 a2 68. e7+ Kd7 69. Rg8 Bxe7 1/2-1/2

[Event "2MCRV_F"]
[Site "?"]
[Date "2002.??.??"]
[Round "?"]
[White "Pavlicek, Jan"]
[Black "Pytlik, Lesek"]
[Result "0-1"]
[WhiteElo "2250"]
[BlackElo "2260"]
[PlyCount "50"]
[EventDate "2002.??.??"]
[EventType "corr"]
[SourceDate "2004.06.03"]

1. e4 d6 2. d4 Nf6 3. Nc3 g6 4. Nf3 Bg7 5. h3 O-O 6. Bf4 c5 7. dxc5 Qa5 8. Bd3
Qxc5 9. Qd2 Nc6 10. a3 Be6 11. Be3 Qa5 12. Ng5 d5 13. Nxe6 fxe6 14. Bg5 Rad8
15. O-O Qb6 16. exd5 exd5 17. Na4 Qd4 18. Nc3 Nd7 19. Be3 Qe5 20. f4 Qe6 21.
Nd1 Qd6 22. Qf2 e5 23. Qd2 Nc5 24. fxe5 Nxe5 25. Be2 d4 0-1

[Event "2MCRV_F"]
[Site "?"]
[Date "2002.??.??"]
[Round "?"]
[White "Nevole, Milan"]
[Black "Kuchta, Jiri"]
[Result "1/2-1/2"]
[WhiteElo "2240"]
[BlackElo "2270"]
[PlyCount "79"]
[EventDate "2002.??.??"]
[EventType "corr"]
[SourceDate "2004.06.03"]

1. d4 d5 2. c4 c6 3. Nf3 Nf6 4. Nc3 a6 5. c5 b6 6. cxb6 Qxb6 7. e3 Bg4 8. Be2
Nbd7 9. O-O e6 10. h3 Bxf3 11. Bxf3 c5 12. Na4 Qb8 13. dxc5 Nxc5 14. Nxc5 Bxc5
15. Qc2 Qd6 16. Bd2 O-O 17. Bc3 Rfc8 18. Qa4 Nd7 19. Be2 f5 20. Rfd1 Qe7 21.
Rac1 Bd6 22. Bd4 Nc5 23. Bxc5 Bxc5 24. Rc2 Rd8 25. Rdc1 Bd6 26. Bxa6 Qf6 27. g3
g5 28. Qb5 f4 29. exf4 gxf4 30. Qd3 Kh8 31. a3 fxg3 32. fxg3 Bxg3 33. Qxg3 Rxa6
34. Rg2 Raa8 35. Rf1 Qd4+ 36. Qf2 Qxf2+ 37. Rfxf2 d4 38. Rf7 Rac8 39. Kh2 e5
40. Rgg7 1/2-1/2

[Event "2MCRV_F"]
[Site "?"]
[Date "2002.??.??"]
[Round "?"]
[White "Kolarik, Josef"]
[Black "Nosek, Jaroslav"]
[Result "1/2-1/2"]
[WhiteElo "2230"]
[BlackElo "2275"]
[PlyCount "36"]
[EventDate "2002.??.??"]
[EventType "corr"]
[SourceDate "2004.06.03"]

1. d4 d5 2. c4 dxc4 3. Nf3 a6 4. e3 b5 5. a4 c6 6. b3 cxb3 7. axb5 e6 8. Qxb3
Nf6 9. Ne5 cxb5 10. Bxb5+ Bd7 11. Be2 Nc6 12. Nxd7 Qxd7 13. Rxa6 Rxa6 14. Bxa6
Bb4+ 15. Bd2 O-O 16. O-O Rb8 17. Qa4 Qd6 18. Rc1 Ne7 1/2-1/2

[Event "2MCRV_F"]
[Site "?"]
[Date "2002.??.??"]
[Round "?"]
[White "Koukal, Vladimir"]
[Black "Vondracek, Emil"]
[Result "0-1"]
[WhiteElo "2225"]
[BlackElo "2285"]
[PlyCount "42"]
[EventDate "2002.??.??"]
[EventType "corr"]
[SourceDate "2004.06.03"]

1. e4 c5 2. Nf3 e6 3. Nc3 a6 4. d4 cxd4 5. Nxd4 Qc7 6. a3 Nc6 7. Be2 Nf6 8. Be3
Be7 9. O-O O-O 10. Qd3 b5 11. f4 Bb7 12. Bf3 Nxd4 13. Bxd4 d5 14. exd5 Rad8 15.
f5 Bc5 16. fxe6 fxe6 17. Qe3 Bxd4 18. Qxd4 Bxd5 19. Nxd5 Nxd5 20. Rf2 Rf4 21.
Rd2 Rxd4 0-1

[Event "2MCRV_F"]
[Site "?"]
[Date "2002.??.??"]
[Round "?"]
[White "Dotlacil, Ladislav"]
[Black "Bures, Jilji"]
[Result "1/2-1/2"]
[WhiteElo "2410"]
[BlackElo "2285"]
[PlyCount "34"]
[EventDate "2002.??.??"]
[EventType "corr"]
[SourceDate "2004.06.03"]

1. c4 e6 2. d4 d5 3. Nc3 Nf6 4. cxd5 exd5 5. Bg5 c6 6. e3 Nbd7 7. Qc2 Be7 8.
Bd3 O-O 9. Nge2 Re8 10. O-O Nf8 11. Rad1 Nh5 12. Bxe7 Qxe7 13. Rfe1 Qg5 14. Kh1
Bg4 15. h3 Bxe2 16. Nxe2 Ng6 17. Ng1 Qe7 1/2-1/2